000 004320000a22001690004500
003 MACL
005 20160102174956.0
008 160102b xxu||||| |||| 00| 0 eng d
040 _aMACL
_cMACL
041 _aEnglish
082 _a709.51/BUS
100 _aBushell, Stephen W
_927492
245 _aChinese Art
_bVictoria and Albert Museum vol 2
260 _c1910
_aLondon
650 _aFine Art
_97469
942 _cBK
_k709.51/BUS
_2ddc
999 _c37817
_d37817